Bilecik Bilecik Bilecik Bilecik Bilecik

Büro yönetimi ve sekreterlikte örnek olay analizi/ (Record no. 387)

MARC details
000 -BAŞLIK
Sabit Uzunluktaki Kontrol Alanı 01266nam a22003617a 4500
001 - KONTROL NUMARASI
Control Dosyası 0000386
003 - KONTROL NUMARASI KİMLİĞİ
Kontrol Alanı KOHA_MİRAKIL
005 - EN SON İŞLEM TARİHİ ve ZAMANI
Kontrol Alanı 20260207001208.0
007 - FİZİKSEL TANIM SABİT ALAN - GENEL BİLGİ
Sabit uzunluklu kontrol alanı ta
008 - SABİT UZUNLUKTAKİ VERİ ÖGELERİ - GENEL BİLGİ
Sabit Alan 210616b2003 tu |||gr||||#||||0|tur |
020 ## - ISBN - ULUSLARARASI STANDART KİTAP NUMARASI
Isbn 9755915214
Kullanılabilirlik koşulları YTL17,690000000000001
040 ## - KATALOGLAMA KAYNAĞI
Özgün Kataloglama Kurumu TR-BiSEU
Kataloglama Dili tur
Çeviri Kurumu TR-BiSEU
Açıklama Kuralları rda
041 0# - DİL KODU
Metin ya da ses kaydının dil kodu tur
044 ## - YAYINLAYAN/ÜRETEN KURULUŞUN ÜLKE KODU
ISO country code tu
050 ## - SINIFLAMA ve YER NUMARASI
Sınıflama Numarası HF5547
Yer Numarası .O98 2003
100 1# - KİŞİ ADI
Yazar Adı (Kişi adı) Öztürk Başpınar, Nuran.
245 1# - ESER ADI BİLDİRİMİ
Başlık Büro yönetimi ve sekreterlikte örnek olay analizi/
Sorumluluk Bildirimi Nuran Öztürk Başpınar ; Nuran Başpınar Öztürk.
264 #1 - ÜRERİM, YAYIN, DAĞITIM ve TELİF BİLDİRİMİ
Yayın yeri Ankara :
Yayınlayan Nobel Yayınları
Yayın tarihi 2003
300 ## - FİZİKSEL TANIMLAMA
Sayfa, Cilt vb. 346 sayfa; 25 cm.
336 ## - İÇERİK TÜRÜ
Content type term metin
Content type code txt
Source rdacontent
337 ## - MEDYA TÜRÜ
Media type term aracısız
Media type code n
Source rdamedia
338 ## - TAŞIYICI TÜRÜ
Carrier type term cilt
Carrier type code nc
Source rdacarrier
490 1# - DİZİ BİLDİRİMİ
Dizi Bildirimi Nobel ;
Cilt Numarası yayın no.
490 1# - DİZİ BİLDİRİMİ
Dizi Bildirimi 542 Hukuk, işletme, iktisat ve iletişim yayınları ;
Cilt Numarası dizi no.11
650 #0 - KONU BAŞLIĞI EK GİRİŞ - KONU TERİMİ
Konusal terim veya coğrafi ad Büro yönetimi--Sekreterlik--Analizler.
9 (RLIN) 2453
650 #0 - KONU BAŞLIĞI EK GİRİŞ - KONU TERİMİ
Konusal terim veya coğrafi ad Büro işleri--Örnek olaylar.
9 (RLIN) 2454
650 #0 - KONU BAŞLIĞI EK GİRİŞ - KONU TERİMİ
Konusal terim veya coğrafi ad Büro yönetimi--Örnek olaylar.
9 (RLIN) 2455
650 #0 - KONU BAŞLIĞI EK GİRİŞ - KONU TERİMİ
Konusal terim veya coğrafi ad Büro yönetimi.
9 (RLIN) 2456
650 #0 - KONU BAŞLIĞI EK GİRİŞ - KONU TERİMİ
Konusal terim veya coğrafi ad Office management.
9 (RLIN) 2457
830 1# - SERİ EK GİRİŞİ - TEKBİÇİM ESER ADI
Tekbiçim Başlık Nobel ;
Volume number/sequential designation yayın no.
9 (RLIN) 1846
830 1# - SERİ EK GİRİŞİ - TEKBİÇİM ESER ADI
Tekbiçim Başlık 542 Hukuk, işletme, iktisat ve iletişim yayınları ;
Volume number/sequential designation dizi no.11
9 (RLIN) 2458
942 ## - EK GİRİŞ ÖGELERİ (KOHA)
Source of classification or shelving scheme Library of Congress Classification
Koha item type Book
Holdings
Materyal Türü Kalıcı Konum Mevcut Konum Raf Yeri Sınıflandırma Kaynağı Edinim Bilgisi Ana Konular Alt Konular Yer Numarası Demirbaş Numarası Fatura Tarihi Maliyet, Alış Fiyatı Maliyet, Yenileme Fiyatı Geri Çekilme Durumu Kayıp Durumu Hasarlı Durumu Kredi için değil Kayıt Tarih Toplam Ödünçverme Son Görülme Tarihi Son Kontrol Tarihi
Book BŞEÜ Gölpazarı MYO Kütüphanesi BŞEÜ Gölpazarı MYO Kütüphanesi   Library of Congress Classification Satın SOSYAL BİLİMLER Ticaret HF5547 .O98 2003 0026188 15/12/2010             16/12/2010   05/12/2024 05/12/2024
Book BŞEÜ Osmaneli MYO Kütüphanesi BŞEÜ Osmaneli MYO Kütüphanesi   Library of Congress Classification Bağış SOSYAL BİLİMLER Ticaret HF5547 .O98 2003 0066088 02/02/2026             16/06/2021   05/03/2025 05/03/2025
Book Prof. Dr. Azmi Özcan Kütüphanesi Prof. Dr. Azmi Özcan Kütüphanesi Uluğbey Salonu Library of Congress Classification Satın SOSYAL BİLİMLER Ticaret HF5547 .O98 2003 0000386 12/12/2008 19.11 19.11         12/12/2008 11 26/05/2025 26/05/2025
Book Prof. Dr. Azmi Özcan Kütüphanesi Prof. Dr. Azmi Özcan Kütüphanesi Uluğbey Salonu Library of Congress Classification Satın SOSYAL BİLİMLER Ticaret HF5547 .O98 2003 0026185 15/12/2010 12.16 12.16         12/11/2010 2 05/12/2024 05/12/2024
Book Prof. Dr. Azmi Özcan Kütüphanesi Prof. Dr. Azmi Özcan Kütüphanesi Uluğbey Salonu Library of Congress Classification Satın SOSYAL BİLİMLER Ticaret HF5547 .O98 2003 0026187 15/12/2010 12.16 12.16         16/12/2010 9 05/12/2024 05/12/2024